| 000 | 01726nam1a2200385 4500 | ||
|---|---|---|---|
| 001 | RU\NLR\BIBL_A\012475546 | ||
| 005 | 20250623145610.0 | ||
| 010 |
_a978-5-6042574-7-0 _bТипогр. НП-Принт |
||
| 035 | _a(NLR Aleph) 012475546 | ||
| 090 |
_a12102326 _c12102326 |
||
| 100 | _a20210315g2019 u y0rusy50 ca | ||
| 101 | 0 | _arus | |
| 102 | _aRU | ||
| 105 | _a||||z|||||||| | ||
| 181 | 0 |
_ai _baxxe |
|
| 182 | 0 | _an | |
| 200 | 1 |
_aТихвинский край _e[сборник исторических очерков _eв 4-х т. _fредакционная коллегия: ...И.В. Фомин (председатель)] |
|
| 203 |
_aТекст _bвизуальный _cнепосредственный |
||
| 210 |
_aСанкт-Петербург _c[б. и.] _d2019 |
||
| 215 | _d31 | ||
| 300 | _aЗагл. обл.: Тихвин | ||
| 512 | 1 | _aТихвин | |
| 607 |
_aТихвин, город (Ленинградская область) _xИстория _3RU\NLR\AUTH\661396352 |
||
| 607 |
_aТихвинский район (Ленинградская область) _xИстория _3RU\NLR\AUTH\661390727 |
||
| 686 | 1 | _aТ3(2Р-4Ле-2Т)0,02 | |
| 686 | 1 | _aТ3(2Р-4Ле)0,02 | |
| 702 | 1 |
_aФомин _bИ. В. _cполит. деятель _f1968- _gИгорь Вадимович _8rus _3RU\NLR\AUTH\770228312 _4340 _7ca |
|
| 852 |
_aNLR _j2021-9/72 |
||
| 856 | 4 |
_lVNP_SKP _tVIEW _uhttps://webservices.nlr.ru/viewer/file?name=a012475546_002.txt _yАннотация |
|
| 856 | 4 | 1 |
_lVNP_SKP _tVIEW _uhttps://webservices.nlr.ru/viewer/file?name=t012475546_001.jpg _yОбложка |
| 942 | _cBOOK | ||
| 980 | 4 | _aVNP_SKP | |
| 980 | _aNB | ||